banner-ar

BRIGHAM YOUNG UNIVERSTIY / (Record no. 9409)

MARC details
000 -الفاتح
حقل البيانات ثابتة الطول 00562nam a2200193Ia 4500
008 - عناصر البيانات ثابتة الطول - معلومات عامة
حقل البيانات ثابتة الطول 140319s9999 xx 000 0 eng d
020 ## - الرقم الدولى المعيارى للكتب
الرقم الدولى المعيارى للكتاب 0916509400
040 ## - مصدر الفهرسة
وكالة الفهرسة الأصلية GCL /
وكالة النسخ GCL
082 04 - رقم تصنيف ديوى العشرى
رقم التصنيف 378.73
رقم المادة S B
100 1# - المدخل الرئيسى - إسم شخصى
الإسم الشخصى SCHERMEISTER, PHIL
245 10 - بيان العنوان
العنوان BRIGHAM YOUNG UNIVERSTIY /
بيان المسئوليه,etc SCHERMEISTER, PHIL
300 ## - الوصف المادى
التعداد 30 CM ؛
أبعاد الوعاء 111 P
650 04 - المدخل الاضافى بالموضوع-مصطلح موضوعى
مصطلح موضوعي UNIVERSTIRY AND COLLEGES - UNITED STATES
650 04 - المدخل الاضافى بالموضوع-مصطلح موضوعى
مصطلح موضوعي BRIGHAM YOUNG UNIVERSITY
650 04 - المدخل الاضافى بالموضوع-مصطلح موضوعى
مصطلح موضوعي UNIVERSITY AND COLLEGES - PHOTOGRAPHY
942 ## - عناصر المدخل الإضافي( كوها)
مصدر التصنيف او مخطط الترفيف Dewey Decimal Classification
Koha [default] item type كتاب
260 ## - PUBLICATION, DISTRIBUTION, ETC. (IMPRINT)
-- نيويورك :
-- HARMONY HOUSE
Holdings
حالة التراجع حالة الفقد حالة تلف ليس للاعارة المكان المؤقت الموقع الحالى تاريخ الاكتساب اجمالي اﻻعارات رقم الطلب الباركود تاريخ اخر مشاهدة تاريخ تفعيل السعر نوع وعاء كوها
        مكتبة القاهرة الكبرى مكتبة القاهرة الكبرى 03/26/2014   378.73\S B 19639 03/26/2014 03/26/2014 كتاب

Powered By

EGPV